Swami Vivekananda the icon of trinity : (Record no. 145071)

MARC details
000 -LEADER
fixed length control field 00602nam a22001817a 4500
005 - DATE AND TIME OF LATEST TRANSACTION
control field 20170920125220.0
010 ## - LCCN (DPL NO)
LC control number ENG-120463
020 ## - INTERNATIONAL STANDARD BOOK NUMBER
International Standard Book Number 9789382710066
Terms of availability 300.00
035 ## - SYSTEM CONTROL NUMBER
System control number EN-103995
037 ## - SOURCE OF ACQUISITION
Source of stock number/acquisition DBAD/PUB
082 ## - DEWEY DECIMAL CLASSIFICATION NUMBER
Classification number 181.49
245 ## - TITLE STATEMENT
Title Swami Vivekananda the icon of trinity :
Statement of responsibility, etc edited by Chittabrata Palit
Remainder of title religion,radicalism & revolution /
260 ## - PUBLICATION, DISTRIBUTION, ETC. (IMPRINT)
Place of publication, distribution, etc Kolkata
Name of publisher, distributor, etc Institute of Historical Studies
Date of publication, distribution, etc 201?
270 ## - ADDRESS
City Pooja Apartment,8/1,Loudon Street
Address Kolkata
Postal code 700017
300 ## - PHYSICAL DESCRIPTION
Extent x,179p.
Dimensions 23cm(Hb)
700 ## - ADDED ENTRY--PERSONAL NAME
Personal name Palit,Chittabrata
942 ## - ADDED ENTRY ELEMENTS (KOHA)
Source of classification or shelving scheme Dewey Decimal Classification
Item type English Books
Classification part 181.49
Call number suffix SWA
Holdings
Withdrawn status Lost status Not for loan Collection code Home library Current library Date acquired Source of acquisition Cost, normal purchase price Full call number Barcode Copy number Cost, replacement price Koha item type
      Non-fiction Katevara Katevara 20/09/2017 DBAD/PUB 300.00 181.49 SWA EN-103995 1 300.00 English Books

© Delhi Public Library
Hit Counter
free hit counter